000 00791nas a2200253 4500
001 BR8804328
003 BR-BrBNA
005 20231205091230.0
007 ta
008 230509b bl.|||p| |||| 00| 00por d
040 _aBR-BrBNA
_bpor
_cBiblioteca Nacional de Agricultura
041 _a(Pt)
072 _aQ02; P05
100 1 _aGodinho, M.
100 1 _aPiedade Junior, C.
245 1 _aFatores que afetam o uso de energia eletrica em laticinios
246 1 _a[Factors that affect the use of eletric energy in dairy industry]
650 _aLATICINIO
650 _aELETRICIDADE
650 _aENERGIA ELETRICA
773 0 _tEnergia na Agricultura (Brazil)
_xISSN 0102-9169
_g(1988), v. 3(1) p. 21-24
_wBR8804328
909 _a202311
_bLúcia
_c55
_dLúcia Elande
942 _2AGRIS
_n0
_cANA
999 _c123735
_d123735